Vaidhik Kosa (v.1)/ (Record no. 160721)

000 -LEADER
fixed length control field 00273nam a22001337a 4500
082 ## - DEWEY DECIMAL CLASSIFICATION NUMBER
Classification number
Item number
100 ## - MAIN ENTRY--PERSONAL NAME
Personal name Chandrasekhar
245 ## - TITLE STATEMENT
Title Vaidhik Kosa (v.1)/
Statement of responsibility, etc. Chandrasekhar.
260 ## - PUBLICATION, DISTRIBUTION, ETC.
Place of publication, distribution, etc. New Delhi:
Name of publisher, distributor, etc. Nag,
Date of publication, distribution, etc. 1994.
300 ## - PHYSICAL DESCRIPTION
Extent
650 ## - SUBJECT ADDED ENTRY--TOPICAL TERM
Topical term or geographic name entry element
700 ## - ADDED ENTRY--PERSONAL NAME
Personal name
942 ## - ADDED ENTRY ELEMENTS (KOHA)
Koha item type Book
Holdings
Withdrawn status Lost status Damaged status Not for loan Permanent Location Current Location Shelving location Date acquired Cost, normal purchase price Total Checkouts Barcode Date last seen Price effective from Koha item type
        RC Thiruvananthapuram RC Thiruvananthapuram   01.10.2018 150.00   TV001790 01.10.2018 01.10.2018 Book